| 000 | 00819nam a2200265 i 4500 | ||
|---|---|---|---|
| 003 | DO-SdBNP | ||
| 005 | 20250519151557.0 | ||
| 007 | ta | ||
| 008 | 250519b2013 dr a|||| |||| 00| 0 spa d | ||
| 020 | _a9789945489675 | ||
| 040 |
_aDO-SdBNP _bspa _cBNPHU _erda |
||
| 041 | _aspa | ||
| 082 | 4 |
_axxx _bC894v _222 |
|
| 100 |
_aCuello Figuereo, Magnolia, _eautor _4aut. _987827 |
||
| 245 | 1 | 3 |
_aEl val del éxito / _cMagnolia Cuello Figuereo |
| 264 | 4 |
_aSanto Domingo : _bEditorial Santuario, _c2013. |
|
| 300 |
_a90 páginas : _bilustraciones ; _c23 cm. |
||
| 336 |
_atexto _btxt _2rdacontent |
||
| 337 |
_asin mediación _bn _2rdamedia |
||
| 338 |
_avolumen _bnc _2rdacarrier |
||
| 500 | _aIncluye datos biográficos del autor en las solapas | ||
| 590 | _aInventariado, 2025/BT | ||
| 910 | _aBtavárez | ||
| 942 |
_2ddc _cLBS1 |
||
| 999 |
_c59055 _d59055 |
||